00618nam a2200121Ia 4500008004100000020001800041100003600059245010100095260002700196650001200223650022000235856004100455171212s9999 xx 000 0 und d a9780833050113 aHoehn, Andrew R.;Harting, Sarah cHoehn, Andrew R.;Harting, SarahaRisking NATObTesting the Limits of the Alliance in Afghanistan bRAND Corporationc2010 aHistory aNorth Atlantic Treaty Organization -- Afghanistan -- Operations other than war; North Atlantic Treaty Organization -- Armed Forces -- Afghanistan; North Atlantic Treaty Organization -- Afghanistan; Afghan War, 2001- uwww.jstor.org/stable/10.7249/mg974af